000 01025cab a2200277 4500
001 WB3018-47
008 090401t1994 xxu||||| |||| 00| 0 eng d
035 _a(Sirsi) u47389
041 _aeng
245 _aEmployee fraud
260 _c1994
350 _a0
490 _aEstates Gazette
_v(9418) 7 May 1994, 135(1)
520 _aDiscusses "Alliance & Leicester Building Society v Edgestop Ltd" (WB3013-30) and the question of employee`s negligence. Suggests a closer look at the principle of employer`s responsibility for the torts of their employees and the limits of that principle.
650 _aALLIANCE AND LEICESTER BUILDING SOCIETY V EDGESTOP LTD
650 _aHAMPTONS RESIDENTIAL
650 _aKOORAGANG INVESTMENTS PTY LTD V RICHARDSON & WRENCH LTD
650 _aLLOYD V GRACE SMITH & CO
650 _aMORTGAGE FRAUD
650 _aNEGLIGENCE
650 _aSURVEYORS
650 _aVALUERS
690 _aMANAGEMENT-BUSINESS MANAGEMENT-PROFESSIONAL PRACTICE
942 _n0
948 _c04/03/1997
999 _c29888
_d29888